[Event "Kalamazoo (MI Am/4/15)"]
[Site "?"]
[Date "1996.??.??"]
[Round "?"]
[White "Jensen, M."]
[Black "Ryskamp, John"]
[Result "1-0"]
[WhiteElo "1625"]
[BlackElo "1605"]
[PlyCount "97"]
[EventDate "1996.??.??"]

{4/(15)} 1. e4 e6 2. d4 d5 3. Nc3 Nf6 4. Bg5 Be7 5. exd5 exd5 6. Nf3 Nc6 7. Bb5
a6 8. Bxc6+ bxc6 9. O-O h6 10. Bf4 O-O 11. Re1 Bg4 12. Qd3 Bxf3 13. Qxf3 Re8
14. Re3 Rb8 15. b3 Rb4 16. Ne2 Ne4 17. c3 Rb8 18. Ng3 Nxg3 19. Qxg3 Bd6 20.
Rxe8+ Qxe8 21. Bxd6 cxd6 22. Qxd6 Rd8 23. Qe5 f6 24. Qxe8+ Rxe8 25. Kf1 Kf7 26.
Re1 Re6 27. Rxe6 Kxe6 28. Ke2 Kd6 29. Kd3 c5 30. f4 g5 31. fxg5 hxg5 32. dxc5+
Kxc5 33. c4 dxc4+ 34. bxc4 a5 35. g4 a4 36. a3 Kc6 37. Kd4 Kd6 38. c5+ Kc6 39.
Kc4 Kc7 40. Kb5 Kb7 41. Kxa4 Kc6 42. Kb4 Kc7 43. Kb5 Kb7 44. a4 Kc7 45. a5 Kb7
46. a6+ Kc7 47. c6 Kb8 48. Kb6 Ka8 49. c7 1-0

[Event "Cadillac Open/4/14"]
[Site "?"]
[Date "1996.??.??"]
[Round "?"]
[White "Jensen, D."]
[Black "McNew, D."]
[Result "0-1"]
[WhiteElo "1605"]
[BlackElo "1605"]
[PlyCount "72"]
[EventDate "1996.??.??"]

{4/14} 1. d4 Nf6 2. c4 e6 3. Nc3 Bb4 4. a3 Bxc3+ 5. bxc3 b6 6. Nf3 Bb7 7. Bg5
d6 8. Qc2 Nbd7 9. Rd1 h6 10. Bh4 Qc8 11. Nd2 O-O 12. e4 Re8 13. e5 dxe5 14.
dxe5 Ng4 15. Be2 Ngxe5 16. O-O c5 17. f3 Qc6 18. Rf2 f5 19. f4 Ng6 20. Bg3 Nf6
21. Bf3 Qc7 22. Bxb7 Qxb7 23. Re2 Rad8 24. Rde1 Qc6 25. Nf3 Kf7 26. h4 Nh5 27.
Bh2 Kf6 28. Ne5 Nxe5 29. Rxe5 Kf7 30. Qe2 Nf6 31. Re3 Ne4 32. Rxe4 Qxe4 33.
Qh5+ g6 34. Rxe4 gxh5 35. Re3 Rd2 36. Bg3 Ra2 0-1

[Event "Cadillac Open/2/17"]
[Site "?"]
[Date "1996.??.??"]
[Round "?"]
[White "Jensen, D."]
[Black "Feguer, Mike"]
[Result "1-0"]
[WhiteElo "1605"]
[BlackElo "1605"]
[PlyCount "23"]
[EventDate "1996.??.??"]

{2/17} 1. d4 e6 2. c4 d5 3. Nc3 Nc6 4. Nf3 Bb4 5. a3 Ba5 6. b4 Nxb4 7. axb4
Bxb4 8. Qa4+ c6 9. Qxb4 a5 10. Qc5 Bd7 11. Ba3 a4 12. Qf8# 1-0

[Event "Detroit (MI Team/4/3/1)"]
[Site "?"]
[Date "1996.??.??"]
[Round "?"]
[White "Jenkins, C."]
[Black "Nixon, Peter"]
[Result "1/2-1/2"]
[WhiteElo "1605"]
[BlackElo "1605"]
[PlyCount "63"]
[EventDate "1996.??.??"]

{4/3} 1. e4 c5 2. Nf3 Nc6 3. Nc3 d6 4. Bc4 e6 5. d4 cxd4 6. Nxd4 Nf6 7. Nxc6
bxc6 8. Qd3 Be7 9. Qf3 O-O 10. e5 dxe5 11. Qxc6 Rb8 12. Ba6 Bb4 13. Bd2 Bd7 14.
Qf3 Qb6 15. Bd3 Nd5 16. O-O Nxc3 17. Bxc3 Bxc3 18. bxc3 Qa5 19. Qe4 g6 20. Rfe1
Qxc3 21. Qxe5 Qxe5 22. Rxe5 Rb2 23. Ra5 Rfb8 24. h3 R8b7 25. Be4 Rc7 26. Ra3
Bb5 27. Rb3 Rxb3 28. axb3 f5 29. Bd3 Bxd3 30. cxd3 Rc3 31. Rxa7 Rxb3 32. Re7
1/2-1/2

[Event "Detroit (WCO/4/19)"]
[Site "?"]
[Date "1996.??.??"]
[Round "?"]
[White "Jenkins, C."]
[Black "Hooker, Larry"]
[Result "0-1"]
[WhiteElo "1605"]
[BlackElo "1605"]
[PlyCount "35"]
[EventDate "1996.??.??"]

{4/(19)} 1. e4 e5 2. Nf3 Nc6 3. Bb5 Nf6 4. Bxc6 dxc6 5. Nxe5 Qe7 6. d4 Nxe4 7.
Qf3 Nf6 8. Bg5 Qb4+ 9. Qc3 Qxc3+ 10. Nxc3 Be7 11. O-O O-O 12. Rfe1 Bf5 13. Nxc6
bxc6 14. Rxe7 Bxc2 15. Rxc7 Rfc8 16. Re7 Re8 17. Rae1 Rxe7 18. Rxe7 {
[Remainder illegible; 0-1, 55?]} 0-1

[Event "Detroit (Class DE/2/16)"]
[Site "?"]
[Date "1996.??.??"]
[Round "?"]
[White "Jenkins, C."]
[Black "Floyd, J."]
[Result "1-0"]
[WhiteElo "1605"]
[BlackElo "1605"]
[PlyCount "87"]
[EventDate "1996.??.??"]

{2/(16)} 1. e4 e6 2. d4 d5 3. e5 Nc6 4. Nf3 Be7 5. Bb5 Bd7 6. O-O Nh6 7. Bxh6
gxh6 8. Nc3 a6 9. Bxc6 Bxc6 10. Qd2 Bg5 11. Nxg5 hxg5 12. Qe3 h6 13. Qf3 b5 14.
Qg3 b4 15. Ne2 Bb5 16. Rae1 a5 17. f4 Qe7 18. fxg5 hxg5 19. Qf3 Rf8 20. Rf2
O-O-O 21. a3 bxa3 22. Qxa3 Qxa3 23. bxa3 Rd7 24. Nc3 Bc6 25. Rb1 Kd8 26. Nb5
Bxb5 27. Rxb5 Ke7 28. Rxa5 Rb8 29. a4 c6 30. c3 Rdb7 31. h3 Rb3 32. Ra7+ R8b7
33. Rxb7+ Rxb7 34. Ra2 Kd7 35. a5 Kc7 36. a6 Ra7 37. g3 Kb6 38. h4 gxh4 39.
gxh4 f5 40. exf6 Ra8 41. Rb2+ Kxa6 42. Ra2+ Kb7 43. Rxa8 Kxa8 44. f7 1-0

[Event "Ann Arbor (Mini-Swiss/3)"]
[Site "?"]
[Date "1996.??.??"]
[Round "?"]
[White "Jendras, Gerard"]
[Black "Zubatch, Steve"]
[Result "1-0"]
[WhiteElo "1855"]
[BlackElo "1795"]
[PlyCount "55"]
[EventDate "1996.??.??"]

1. e4 g6 2. d4 Bg7 3. Nf3 d6 4. h3 Nf6 5. Nc3 O-O 6. Be3 e5 7. Qd2 Nc6 8. Be2
Re8 9. d5 Ne7 10. Rd1 Nd7 11. Ng5 Nf8 12. f4 exf4 13. Bxf4 f5 14. O-O h6 15.
Nf3 fxe4 16. Nxe4 Nf5 17. Bd3 Kh7 18. Rde1 Nd7 19. g4 Ne7 20. Nfg5+ hxg5 21.
Nxg5+ Kg8 22. Ne6 Bxb2 23. Nxd8 Rxd8 24. Rxe7 Ne5 25. Bxe5 Bxe5 26. Qh6 Bd4+
27. Kh2 Bxg4 28. Qh7# 1-0

[Event "Kalamazoo (MI Am/5/5)"]
[Site "?"]
[Date "1996.??.??"]
[Round "?"]
[White "Jendras, Gerard"]
[Black "Stockman, David"]
[Result "1-0"]
[WhiteElo "1880"]
[BlackElo "1615"]
[PlyCount "53"]
[EventDate "1996.??.??"]

{5/(5)} 1. e4 e6 2. d4 d5 3. Nc3 Bb4 4. Nge2 c5 5. a3 Bxc3+ 6. Nxc3 cxd4 7.
Qxd4 Nf6 8. Bg5 dxe4 9. Qxd8+ Kxd8 10. Nxe4 Nbd7 11. O-O-O Ke7 12. Bb5 h6 13.
Bxd7 Bxd7 14. Nxf6 gxf6 15. Bxf6+ Kxf6 16. Rxd7 b6 17. Rhd1 Rhg8 18. g3 Rg5 19.
Rb7 Re5 20. Rdd7 Ra5 21. Rxf7+ Kg5 22. f3 b5 23. Kd2 a6 24. Ke3 Rc8 25. Rf4
Rxc2 26. Rg7+ Kh5 27. Rh4# 1-0

[Event "Ann Arbor (Ann Arbor Open, Open/3)"]
[Site "?"]
[Date "1996.??.??"]
[Round "?"]
[White "Jendras, Gerard"]
[Black "Pence, Mark"]
[Result "1/2-1/2"]
[WhiteElo "1855"]
[BlackElo "2065"]
[PlyCount "139"]
[EventDate "1996.??.??"]

1. e4 c5 2. Nf3 d6 3. Bd3 g6 4. c3 Bg7 5. O-O Nf6 6. Bc2 O-O 7. d4 cxd4 8. cxd4
Bg4 9. h3 Bxf3 10. Qxf3 Qb6 11. Nc3 Nc6 12. d5 Nd4 13. Qd1 Nxc2 14. Qxc2 Rac8
15. Be3 Qa5 16. Rac1 a6 17. f3 b5 18. Qf2 Nd7 19. Bd4 Bxd4 20. Qxd4 Rc4 21. Qa7
Rc7 22. b4 Rxa7 23. bxa5 Rc7 24. Ne2 Rfc8 25. Rxc7 Rxc7 26. Rc1 Rc5 27. Kf2 Ne5
28. Rxc5 dxc5 29. Nc1 c4 30. Ke3 Kf8 31. Kd4 Nd7 32. a4 e5+ 33. dxe6 fxe6 34.
axb5 axb5 35. Na2 Ke7 36. f4 Kd6 37. e5+ Kc6 38. g4 Kb7 39. Nb4 Kc7 40. Nc2 Kb7
41. Nb4 Kc7 42. h4 Kb7 43. f5 gxf5 44. gxf5 exf5 45. e6 Nf6 46. Ke5 Ne8 47.
Kxf5 c3 48. e7 c2 49. Nxc2 Ka6 50. Ke6 Kxa5 51. Kf7 Nd6+ 52. Kf8 h5 53. e8=Q
Nxe8 54. Kxe8 Kb6 55. Kf7 Kc7 56. Nd4 b4 57. Kg6 Kd7 58. Kxh5 Ke8 59. Kg6 Kf8
60. Kh7 Kf7 61. h5 Kf8 62. h6 Kf7 63. Nb3 Kf8 64. Kh8 Kf7 65. Nc5 Kf8 66. Ne6+
Kf7 67. Ng5+ Kf8 68. Kh7 b3 69. Nf3 b2 70. Nd2 1/2-1/2

[Event "Ann Arbor (Ann Arbor Open, Open/1)"]
[Site "?"]
[Date "1996.??.??"]
[Round "?"]
[White "Jendras, Gerard"]
[Black "Pena, E."]
[Result "0-1"]
[WhiteElo "1855"]
[BlackElo "2110"]
[PlyCount "80"]
[EventDate "1996.??.??"]

1. e4 c5 2. Nf3 e6 3. d4 cxd4 4. Nxd4 Nc6 5. Be2 Nf6 6. Nc3 Bb4 7. O-O O-O 8.
Nxc6 dxc6 9. Qxd8 Rxd8 10. Bg5 h6 11. Bxf6 gxf6 12. Rad1 Bd7 13. Rd3 Be8 14.
Rfd1 Rxd3 15. Rxd3 Be7 16. Nd1 Rd8 17. Rh3 Rd2 18. Kf1 Rxc2 19. Rxh6 Rc1 20.
Rh3 Bb4 21. Rb3 c5 22. a3 Ba4 23. Rd3 Ba5 24. b3 Bc6 25. Rg3+ Kf8 26. f3 c4 27.
b4 Bc7 28. f4 Bxf4 29. Rc3 b5 30. g3 Bd2 31. Rxc1 Bxc1 32. a4 a6 33. axb5 axb5
34. Nc3 Ba3 35. Na2 Bxe4 36. Ke1 Bb1 37. Nc3 Bxb4 38. Kd2 Bg6 39. Bf3 Ba5 40.
Bc6 b4 0-1

[Event "Ann Arbor (Mini-Swiss/2/5)"]
[Site "?"]
[Date "1996.??.??"]
[Round "?"]
[White "Jendras, Gerard"]
[Black "Mason, D."]
[Result "1-0"]
[WhiteElo "1855"]
[BlackElo "1910"]
[PlyCount "113"]
[EventDate "1996.??.??"]

{2/(5)} 1. b4 d5 2. Bb2 Bf5 3. Nf3 h6 4. e3 Nd7 5. c4 e6 6. Be2 Ngf6 7. Qb3 Be7
8. O-O O-O 9. Nc3 c6 10. a4 a5 11. Ba3 axb4 12. Bxb4 Qb6 13. cxd5 exd5 14. Nd4
Qxb4 15. Qxb4 Bxb4 16. Nxf5 g6 17. Nxh6+ Kg7 18. Ng4 Ne4 19. Nxe4 dxe4 20. Rab1
c5 21. d4 f5 22. dxc5 fxg4 23. Rxb4 Nxc5 24. Bxg4 Rxa4 25. Rxa4 Nxa4 26. Rb1
Rb8 27. Bd7 Nc5 28. Bc6 Rc8 29. Bd5 Rd8 30. Bxb7 Nxb7 31. Rxb7+ Kh6 32. f3 Rd1+
33. Kf2 Rd2+ 34. Kg3 exf3 35. gxf3 Rd3 36. e4 Rd1 37. Kf4 Rd2 38. Rb8 Kg7 39.
h4 Rh2 40. Rb7+ Kh6 41. Kg3 Rh1 42. e5 Re1 43. f4 Re3+ 44. Kg4 Re1 45. Rb6 Rg1+
46. Kf3 Rf1+ 47. Ke4 Re1+ 48. Kd5 Rd1+ 49. Ke6 Rd4 50. f5 gxf5 51. Kf7+ Kh5 52.
e6 Re4 53. e7 Rxe7+ 54. Kxe7 Kxh4 55. Kf6 f4 56. Kf5 f3 57. Kf4 1-0

[Event "Lansing (MI Op/4/28)"]
[Site "?"]
[Date "1996.??.??"]
[Round "?"]
[White "Jendras, Gerard"]
[Black "Laumer, H."]
[Result "1-0"]
[WhiteElo "1935"]
[BlackElo "1805"]
[PlyCount "57"]
[EventDate "1996.??.??"]

{4/(28)} 1. e4 Nf6 2. Nc3 d5 3. e5 Ng4 4. d4 f5 5. h3 Nh6 6. Bxh6 gxh6 7. Qh5+
Kd7 8. Qf7 c6 9. e6+ Kd6 10. Qxf5 Bxe6 11. Qe5+ Kd7 12. Qxh8 Bf5 13. O-O-O h5
14. Kb1 e6 15. Nf3 Qe7 16. Qe5 Bg7 17. Qf4 b5 18. Nh4 Bg6 19. Nxg6 hxg6 20. Bd3
g5 21. Qe3 a5 22. Rhe1 Qf6 23. Re2 a4 24. Bxb5 cxb5 25. Nxd5 exd5 26. Qe8+ Kd6
27. Rde1 Qxd4 28. Re6+ Kc5 29. Qc8+ 1-0

[Event "Ann Arbor (Mini-Swiss/3/6)"]
[Site "?"]
[Date "1996.??.??"]
[Round "?"]
[White "Jendras, Gerard"]
[Black "Hartwig, Thomas"]
[Result "1/2-1/2"]
[WhiteElo "1880"]
[BlackElo "1870"]
[PlyCount "89"]
[EventDate "1996.??.??"]

{3/(6)} 1. e4 c5 2. Nf3 d6 3. c3 Nf6 4. Bd3 Bg4 5. h3 Bxf3 6. Qxf3 Nc6 7. O-O
e6 8. Bc2 Be7 9. d3 O-O 10. Nd2 d5 11. Re1 d4 12. e5 Nd7 13. Qg3 Bh4 14. Qf4
Bg5 15. Qg3 Bh4 16. Qf4 Bg5 17. Qh2 Qc7 18. f4 Be7 19. Nf3 Qb6 20. g4 c4 21.
Kh1 cxd3 22. Bxd3 Nc5 23. Bc4 d3 24. b4 Na4 25. Bxd3 Nxc3 26. Qc2 Bxb4 27.
Bxh7+ Kh8 28. Be3 Qa5 29. a3 Qd5 30. Kg2 Ba5 31. Kg3 g6 32. Bxg6 fxg6 33. Qxg6
Ne4+ 34. Kg2 Ne7 35. Qh6+ Kg8 36. Red1 Qc4 37. Nd4 Bb6 38. Rac1 Qa2+ 39. Rc2
Qxa3 40. Kf3 Bxd4 41. Rxd4 Nc5 42. Qg5+ Kf7 43. Qh5+ Kg7 44. Qg5+ Kf7 45. Qh5+
1/2-1/2

[Event "Lansing (MI Op/6/22)"]
[Site "?"]
[Date "1996.??.??"]
[Round "?"]
[White "Jendras, Gerard"]
[Black "Grossman, Jay"]
[Result "0-1"]
[WhiteElo "1935"]
[BlackElo "1905"]
[PlyCount "90"]
[EventDate "1996.??.??"]

{6/(22)} 1. e4 c5 2. Nf3 Nc6 3. c3 d5 4. exd5 Qxd5 5. d4 cxd4 6. cxd4 Bg4 7.
Be2 e6 8. Nc3 Bb4 9. O-O Bxc3 10. bxc3 Nge7 11. Re1 O-O 12. h3 Bh5 13. c4 Qa5
14. Bd2 Qc7 15. Rb1 Rfd8 16. Bc3 b6 17. Bd3 Bg6 18. Bxg6 Nxg6 19. Re4 Nce7 20.
Nd2 Rab8 21. Qf3 Qd7 22. h4 f5 23. Ree1 Nxh4 24. Qe2 Nc6 25. Qxe6+ Qxe6 26.
Rxe6 Nxd4 27. Re3 Ng6 28. c5 bxc5 29. Rxb8 Rxb8 30. Bxd4 cxd4 31. Rd3 Nf4 32.
Rf3 Ne2+ 33. Kf1 Nc3 34. Rxf5 Rb2 35. Ke1 Rxa2 36. f3 Ra1+ 37. Kf2 Nd1+ 38. Ke2
Nc3+ 39. Kd3 Ra4 40. Nb3 Ra3 41. Nxd4 Nb5+ 42. Kc4 Nd6+ 43. Kb4 Nxf5 44. Nxf5
Ra2 45. g3 g6 0-1

[Event "Kalamazoo (MI Am/3/5)"]
[Site "?"]
[Date "1996.??.??"]
[Round "?"]
[White "Jendras, Gerard"]
[Black "Draper, M."]
[Result "1-0"]
[WhiteElo "1880"]
[BlackElo "1605"]
[PlyCount "53"]
[EventDate "1996.??.??"]

{3/(5)} 1. e4 e5 2. Nf3 Nc6 3. Bc4 Bc5 4. c3 Nf6 5. d4 exd4 6. cxd4 Bb4+ 7. Nc3
Bxc3+ 8. bxc3 d5 9. exd5 Nxd5 10. O-O Be6 11. Ng5 Nce7 12. Nxe6 fxe6 13. Re1
Qd6 14. Qb3 O-O-O 15. Rb1 Kd7 16. Ba3 Qb6 17. Qa4+ c6 18. Rxb6 axb6 19. Qa7 Rb8
20. Bxe7 Kxe7 21. Bxd5 cxd5 22. Qxb6 Rhe8 23. Qxe6+ Kf8 24. Qd6+ Kg8 25. Qxd5+
Kh8 26. Rxe8+ Rxe8 27. Kf1 1-0

[Event "Lansing (MI Op/2/29)"]
[Site "?"]
[Date "1996.??.??"]
[Round "?"]
[White "Jendras, Gerard"]
[Black "Burwell, Raymond"]
[Result "1-0"]
[WhiteElo "1935"]
[BlackElo "1830"]
[PlyCount "80"]
[EventDate "1996.??.??"]

{2/(29)} 1. e4 e6 2. d4 d5 3. Nc3 Ne7 4. Nf3 Ng6 5. Bd3 Be7 6. O-O O-O 7. Re1
c6 8. Be3 Nd7 9. Qd2 b6 10. Re2 Bb7 11. Rae1 Re8 12. e5 Ndf8 13. Nd1 Qc7 14.
Ng5 c5 15. c3 c4 16. Bb1 h6 17. Nh3 Bh4 18. g3 Bd8 19. f3 f5 20. exf6 Bxf6 21.
Nf4 Nxf4 22. Bxf4 Qf7 23. Nf2 Bc8 24. Ng4 h5 25. Ne5 Bxe5 26. Rxe5 Nd7 27. Rg5
Nf8 28. Be5 g6 29. f4 Bd7 30. Bd6 e5 31. dxe5 Re6 32. Qxd5 Be8 33. Qxa8 Nh7 34.
Rf1 Nxg5 35. fxg5 Qg7 36. Rf8+ Kh7 37. Rxe8 Rxe8 38. Qxe8 b5 39. Bxg6+ Qxg6 40.
Qxg6+ Kxg6 1-0

[Event "Kalamazoo (MI Am/1/8)"]
[Site "?"]
[Date "1996.??.??"]
[Round "?"]
[White "Jendras, Gerard"]
[Black "Brumley, Ron"]
[Result "1-0"]
[WhiteElo "1880"]
[BlackElo "1605"]
[PlyCount "59"]
[EventDate "1996.??.??"]

{1/(8)} 1. e4 e5 2. Nf3 Nc6 3. Bc4 Bc5 4. c3 Nf6 5. d4 exd4 6. cxd4 Bb4+ 7. Nc3
d5 8. exd5 Nxd5 9. O-O Be6 10. Qd3 Qd7 11. Bb5 f6 12. Re1 O-O-O 13. Bd2 a6 14.
Bxc6 Qxc6 15. Nxd5 Bxd5 16. Bxb4 Bc4 17. Qf5+ Kb8 18. Rac1 Qd5 19. Qc2 Bxa2 20.
Qxc7+ Ka8 21. Re7 Rc8 22. Qxc8+ Rxc8 23. Rxc8+ Ka7 24. Bc5+ Qxc5 25. dxc5 Bd5
26. b4 g5 27. Nd4 h5 28. Ree8 b6 29. Rc7+ Bb7 30. Nc6# 1-0

[Event "Detroit (WCO/5/18)"]
[Site "?"]
[Date "1996.??.??"]
[Round "?"]
[White "Jaynes, K."]
[Black "Sobh, Alex"]
[Result "1-0"]
[WhiteElo "1605"]
[BlackElo "1605"]
[PlyCount "33"]
[EventDate "1996.??.??"]

{5/(18)} 1. Nf3 e6 2. c4 Nf6 3. g3 Nc6 4. Bg2 d5 5. b3 Bd6 6. Bb2 dxc4 7. bxc4
e5 8. O-O Bg4 9. d3 Qe7 10. Nbd2 O-O-O 11. Qc2 h5 12. Rfb1 b6 13. Qa4 Qd7 14.
Nxe5 Bxe5 15. Bxc6 Qd6 16. Qa6+ Kb8 17. Qb7# 1-0

[Event "Lansing (MOR/7/17)"]
[Site "?"]
[Date "1996.??.??"]
[Round "?"]
[White "Jaynes, K."]
[Black "Nikitin, Mike"]
[Result "1/2-1/2"]
[WhiteElo "1605"]
[BlackElo "1605"]
[PlyCount "54"]
[EventDate "1996.??.??"]

{7/(17)} 1. Nf3 Nf6 2. g3 Nc6 3. Bg2 e5 4. d3 Bc5 5. e4 d6 6. O-O h6 7. Be3
Bxe3 8. fxe3 Ng4 9. Qe2 Nb4 10. Na3 O-O 11. c3 Nc6 12. Rae1 Be6 13. b3 Qd7 14.
d4 d5 15. exd5 e4 16. Nd2 Qxd5 17. Nb5 Qh5 18. h3 Nf6 19. Nxe4 Qxe2 20. Rxe2
Nxe4 21. Bxe4 Bxh3 22. Bg2 Bxg2 23. Rxg2 Rac8 24. c4 a6 25. Nc3 Rfe8 26. Nd5 b6
27. Nc3 Kf8 1/2-1/2

[Event "Lansing (MOR/2/26)"]
[Site "?"]
[Date "1996.??.??"]
[Round "?"]
[White "Jaynes, K."]
[Black "James, Larry"]
[Result "0-1"]
[WhiteElo "1605"]
[BlackElo "1645"]
[PlyCount "64"]
[EventDate "1996.??.??"]

{2/(26)} 1. Nf3 Nf6 2. g3 d5 3. Bg2 c6 4. O-O g6 5. d3 Bg7 6. Nbd2 Bf5 7. Re1
Qc7 8. Nd4 Bc8 9. N4f3 O-O 10. e4 dxe4 11. Nxe4 Nxe4 12. Rxe4 Bf5 13. Re2 Rd8
14. Qe1 Re8 15. d4 Nd7 16. Bf4 Qd8 17. c3 Nb6 18. Rd1 Nd5 19. Qd2 Qc8 20. Bh6
Bh3 21. Bxg7 Kxg7 22. Qg5 f6 23. Qh4 Bg4 24. Re4 Bxf3 25. Bxf3 Qf5 26. Rde1
Qxf3 27. c4 f5 28. Rxe7+ Nxe7 29. Rxe7+ Rxe7 30. Qxe7+ Kh6 31. h4 Qg4 32. Kg2
Qe4+ 0-1

[Event "Lansing (MOR/5/39)"]
[Site "?"]
[Date "1996.??.??"]
[Round "?"]
[White "Jaynes, K."]
[Black "Hollinsworth, Galon"]
[Result "1-0"]
[WhiteElo "1605"]
[BlackElo "1605"]
[PlyCount "79"]
[EventDate "1996.??.??"]

{5/(39)} 1. Nf3 Nf6 2. g3 Nc6 3. Bg2 e5 4. d3 d5 5. O-O Be7 6. Nbd2 Be6 7. e4
Qd7 8. Ng5 Bg4 9. f3 Bh5 10. Qe1 h6 11. exd5 Nxd5 12. Nge4 O-O 13. Nb3 b6 14.
f4 Bg4 15. fxe5 Bh3 16. d4 Bxg2 17. Kxg2 Rae8 18. a3 f6 19. c4 Nxd4 20. Nxd4
fxe5 21. Rxf8+ Rxf8 22. Nf3 Rxf3 23. Kxf3 Qf5+ 24. Kg2 Nf6 25. Nxf6+ Bxf6 26.
Be3 Qc2+ 27. Qf2 Qxc4 28. Rc1 Qd5+ 29. Kg1 c5 30. Qe2 Qe4 31. Qc4+ Qxc4 32.
Rxc4 Be7 33. b4 b5 34. Rc2 cxb4 35. axb4 Bxb4 36. Bxa7 Ba3 37. Rc7 Kh7 38. Rb7
b4 39. Bc5 Kg6 40. Bxb4 1-0

[Event "Detroit (WCO/1/3)"]
[Site "?"]
[Date "1996.??.??"]
[Round "?"]
[White "Jaynes, K."]
[Black "Golonka, Stan"]
[Result "0-1"]
[WhiteElo "1605"]
[BlackElo "1930"]
[PlyCount "100"]
[EventDate "1996.??.??"]

{1/(3)} 1. Nf3 c5 2. c4 Nc6 3. g3 g6 4. d4 cxd4 5. Nxd4 Bg7 6. Nxc6 bxc6 7. Bg2
Nf6 8. Nc3 O-O 9. b3 Re8 10. Bb2 Bb7 11. O-O d5 12. cxd5 cxd5 13. Rc1 Qd7 14.
Rc2 Rad8 15. Qd4 a6 16. Rfc1 e5 17. Qa7 Ra8 18. Qb6 Re6 19. Qa5 Rc8 20. Bh3 d4
21. Bxe6 Qxe6 22. Na4 Rxc2 23. Rxc2 Qh3 24. f3 Bh6 25. Bc1 Bxc1 26. Rxc1 Ng4
27. Qd8+ Kg7 28. Qh4 Qxh4 29. gxh4 Ne3 30. Rc7 Bd5 31. Ra7 Nc2 32. Rxa6 Nb4 33.
Ra5 Be6 34. Rxe5 Nxa2 35. Rb5 Nc1 36. Nc5 Bf5 37. Kf2 Bc2 38. b4 Bd1 39. Rb8
Bxe2 40. Nb3 d3 41. Nxc1 d2 42. Kxe2 dxc1=Q 43. b5 Qc7 44. Re8 Qc4+ 45. Ke3
Qxb5 46. Rc8 Qe5+ 47. Kf2 Qxh2+ 48. Ke3 Qxh4 49. f4 Qe7+ 50. Kd3 Qd7+ 0-1

[Event "Detroit (Class DE/5/11)"]
[Site "?"]
[Date "1996.??.??"]
[Round "?"]
[White "Jaskot, Allan"]
[Black "Menczer, David"]
[Result "1-0"]
[WhiteElo "1605"]
[BlackElo "1605"]
[PlyCount "113"]
[EventDate "1996.??.??"]

{5/(11)} 1. e4 e5 2. Nf3 Nc6 3. Bb5 Bc5 4. Bxc6 dxc6 5. O-O Bg4 6. h3 Bxf3 7.
Qxf3 Qf6 8. Qc3 Bd4 9. Qc4 b5 10. Qb3 Ne7 11. c3 Bb6 12. c4 a6 13. a4 O-O 14.
axb5 cxb5 15. cxb5 axb5 16. Rxa8 Rxa8 17. Qxb5 Rd8 18. d3 Ng6 19. Be3 Rxd3 20.
Qxd3 Nf4 21. Bxf4 exf4 22. Nc3 c6 23. Kh1 g6 24. f3 h5 25. Na4 Be3 26. Rd1 Kg7
27. Re1 Bd4 28. Nc3 Kh6 29. Qd2 g5 30. Rd1 Bc5 31. Ne2 h4 32. Nd4 Kh5 33. Qc3
Qd6 34. Qc4 Kg6 35. Rd3 g4 36. Nb3 Qe5 37. Qxc5 Qxb2 38. Qxc6+ f6 39. Qc1 Qe2
40. Rd2 Qe3 41. hxg4 h3 42. Nc5 hxg2+ 43. Kxg2 Kg5 44. Rd5+ Kg6 45. Qxe3 fxe3
46. Kf1 f5 47. gxf5+ Kg5 48. Ke2 Kf4 49. f6 Kg3 50. Kxe3 Kg2 51. f7 Kg1 52.
f8=Q Kg2 53. Rd2+ Kf1 54. Rd1+ Kg2 55. Qg7+ Kh2 56. Rf1 Kh3 57. Rh1# 1-0

[Event "Detroit (Class DE/1/13)"]
[Site "?"]
[Date "1996.??.??"]
[Round "?"]
[White "Jaskot, Allan"]
[Black "Lueer, Michael"]
[Result "1-0"]
[WhiteElo "1605"]
[BlackElo "1605"]
[PlyCount "49"]
[EventDate "1996.??.??"]

{1/(13)} 1. e4 g6 2. d4 Bg7 3. Nf3 c6 4. e5 d5 5. Bd3 Bg4 6. h3 Bxf3 7. Qxf3 f6
8. e6 Qd6 9. Qe2 f5 10. c3 Nf6 11. O-O Ne4 12. f3 Ng3 13. Qe1 Nxf1 14. Kxf1 c5
15. Na3 cxd4 16. Nb5 Qb6 17. Bd2 a6 18. Nxd4 Bxd4 19. cxd4 Qxd4 20. Be2 Qxb2
21. Bc3 Qb6 22. Bxh8 Qxe6 23. Bb5+ Nc6 24. Qxe6 axb5 25. Qg8+ 1-0

[Event "Detroit (Class DE/3/1)"]
[Site "?"]
[Date "1996.??.??"]
[Round "?"]
[White "Jaskot, Allan"]
[Black "Hill, Brad"]
[Result "0-1"]
[WhiteElo "1605"]
[BlackElo "1605"]
[PlyCount "72"]
[EventDate "1996.??.??"]

{3/(1)} 1. e4 c5 2. Nf3 e6 3. Bc4 d6 4. O-O Nf6 5. Nc3 Nc6 6. Re1 Bd7 7. d3 Be7
8. Bf4 a6 9. Qd2 b5 10. Bb3 O-O 11. a3 Qb6 12. Ne2 b4 13. Ng3 Na5 14. e5 Nxb3
15. cxb3 Nd5 16. exd6 Bxd6 17. Bxd6 Qxd6 18. Ne4 Qe7 19. Rac1 Rfc8 20. Ne5 Nb6
21. d4 bxa3 22. bxa3 cxd4 23. Qxd4 Rxc1 24. Rxc1 Qxa3 25. Qe3 Nd5 26. Qg5 f6
27. Nxf6+ Nxf6 28. Nxd7 Nxd7 29. Rc7 Qxb3 30. g3 Qb1+ 31. Kg2 Qe4+ 32. f3 Qe2+
33. Kh3 Qe5 34. Qxe5 Nxe5 35. Re7 Nxf3 36. Rxe6 Ng5+ 0-1

[Event "Howell (US Am N/1/5)"]
[Site "?"]
[Date "1996.??.??"]
[Round "?"]
[White "Jarosz, Stan"]
[Black "Vorhauer, Sam"]
[Result "1-0"]
[WhiteElo "2050"]
[BlackElo "1745"]
[PlyCount "67"]
[EventDate "1996.??.??"]

{1/(5)} 1. Nf3 Nf6 2. c4 e6 3. Nc3 g6 4. d4 d5 5. Bg5 c6 6. e3 Bg7 7. Rc1 Qb6
8. Qc2 Nfd7 9. cxd5 O-O 10. dxe6 fxe6 11. Bc4 Nf6 12. O-O Nd5 13. Nxd5 exd5 14.
Bd3 Bf5 15. Bxf5 Rxf5 16. b4 a6 17. a4 Qc7 18. b5 Bf8 19. Bf4 Rxf4 20. exf4
Qxf4 21. bxc6 Nxc6 22. Qb3 Qf7 23. Rb1 Rb8 24. Rfc1 Qf6 25. Qxd5+ Kh8 26. Qd7
Rd8 27. Qxb7 Nxd4 28. Nxd4 Qxd4 29. Qxa6 Bc5 30. Rxc5 Rf8 31. Rc2 Qe4 32. Qc4
Qf5 33. Qd4+ Kg8 34. Rb7 1-0

[Event "Lansing (MI Op/3/28)"]
[Site "?"]
[Date "1996.??.??"]
[Round "?"]
[White "Jarosz, Stan"]
[Black "Manion, Tom"]
[Result "0-1"]
[WhiteElo "2065"]
[BlackElo "1865"]
[PlyCount "190"]
[EventDate "1996.??.??"]

{3/(28)} 1. Nf3 Nf6 2. c4 c5 3. Nc3 Nc6 4. d4 cxd4 5. Nxd4 g6 6. e4 Bg7 7. Be3
O-O 8. Be2 b6 9. O-O Bb7 10. f4 Rc8 11. b3 Nxd4 12. Bxd4 d6 13. Bf3 Bc6 14. Nd5
Nxd5 15. exd5 Bd7 16. Bxg7 Kxg7 17. Qd4+ Kg8 18. Rad1 Rc7 19. a4 Qc8 20. Rfe1
Re8 21. Rd2 Rb7 22. Rde2 Bf5 23. Re3 Bg4 24. Bxg4 Qxg4 25. h3 Qc8 26. Kh1 Qc5
27. Qd3 Qc8 28. g4 f5 29. Re6 Rf8 30. Rxe7 fxg4 31. Rxb7 Qxb7 32. Qe4 gxh3 33.
Qe6+ Qf7 34. Qxd6 Qxf4 35. Qxf4 Rxf4 36. Re3 Rh4 37. Kh2 Kf7 38. Rxh3 Rxh3+ 39.
Kxh3 Ke7 40. b4 Kd6 41. Kg3 h6 42. Kf4 a5 43. bxa5 bxa5 44. Ke4 h5 45. c5+ Kxc5
46. Ke5 h4 47. d6 h3 48. d7 h2 49. d8=Q h1=Q 50. Qxa5+ Kc4 51. Qb5+ Kc3 52.
Qc5+ Kb3 53. a5 Qh8+ 54. Kd6 Qf8+ 55. Kc6 Qe8+ 56. Kb7 Qe4+ 57. Qc6 Qe7+ 58.
Qc7 Qe4+ 59. Ka7 Ka4 60. a6 Qd4+ 61. Kb7 Qb4+ 62. Qb6 Qe7+ 63. Kb8 Qe8+ 64. Ka7
Qe7+ 65. Qb7 Qe3+ 66. Ka8 Qe8+ 67. Qb8 Qc6+ 68. Ka7 Qc5+ 69. Qb6 Qe7+ 70. Qb7
Qc5+ 71. Kb8 Qf8+ 72. Kc7 Qe7+ 73. Kc6 Qe4+ 74. Kd6 Qd3+ 75. Ke7 Qe3+ 76. Kf8
Qh6+ 77. Kg8 g5 78. a7 Qg6+ 79. Kf8 Qf6+ 80. Ke8 Qe6+ 81. Kd8 Qg8+ 82. Kc7 Qf7+
83. Kc6 Qe8+ 84. Kc5 Qe3+ 85. Kd6 Qd4+ 86. Ke6 Qc4+ 87. Kf6 Qf4+ 88. Kg6 Qd6+
89. Kh7 Qd3+ 90. Kg7 Qd4+ 91. Kf8 Qf6+ 92. Kg8 Qe6+ 93. Kh7 Qf5+ 94. Kh6 Qf6+
95. Kh5 Qh8+ $138 0-1

[Event "Howell (US Am N/5/2)"]
[Site "?"]
[Date "1996.??.??"]
[Round "?"]
[White "Jarosz, Stan"]
[Black "Dangremond, Leonard"]
[Result "1-0"]
[WhiteElo "2050"]
[BlackElo "1970"]
[PlyCount "89"]
[EventDate "1996.??.??"]

{5/(2)} 1. Nf3 Nf6 2. c4 g6 3. Nc3 Bg7 4. g3 O-O 5. Bg2 d6 6. O-O c6 7. d4 Be6
8. d5 cxd5 9. cxd5 Bd7 10. h3 Na6 11. e4 Ne8 12. Be3 Nec7 13. Nd4 b5 14. a3 b4
15. axb4 Nxb4 16. Qd2 a5 17. Ra3 Bxd4 18. Bxd4 Nb5 19. Nxb5 Bxb5 20. Rfa1 Ra6
21. Bc3 Qb6 22. Bxb4 axb4 23. Qxb4 Rxa3 24. Rxa3 Rc8 25. Rc3 Rxc3 26. Qxc3 Qa6
27. Qa3 Qc8 28. Qc3 Qa6 29. b4 Qa2 30. Qe1 Qc2 31. Bf1 Bxf1 32. Kxf1 Qd3+ 33.
Kg2 f5 34. Qe3 Qb5 35. exf5 Qxd5+ 36. Qf3 Qb5 37. fxg6 hxg6 38. Qe4 Kf7 39. h4
e5 40. g4 Kf6 41. h5 gxh5 42. gxh5 d5 43. Qg6+ Ke7 44. h6 d4 45. h7 1-0